00400nam a2200145Ia 4500100002000000942000700020654002400027245002400051260002800075082001800103300000800121546001200129999001700141952009600158 aWhitaker/Jerry  cBK aElectronic displays aElectronic Displays bTata Mc Graw hillc2002 a621.3987bWHI a391 aENGLISH c28544d28544 001040708CRCaCRCEbCRCEd2023-03-17l0o621.3987 WHIp13167r2023-03-17w2023-03-17yBK